कर्फ्यू तथा अन्य कहानियाँ (Record no. 4650)

MARC details
000 -LEADER
fixed length control field 01110 a2200241 4500
005 - DATE AND TIME OF LATEST TRANSACTION
control field 2008090504584.0
008 - FIXED-LENGTH DATA ELEMENTS--GENERAL INFORMATION
fixed length control field 080905t xxu||||| |||| 00| 0 hin d
010 ## - LIBRARY OF CONGRESS CONTROL NUMBER
LC control number HIN-80047
020 ## - INTERNATIONAL STANDARD BOOK NUMBER
International Standard Book Number 8190378082
Terms of availability 150.00
035 ## - SYSTEM CONTROL NUMBER
System control number HN-52393
037 ## - SOURCE OF ACQUISITION
Source of stock number/acquisition D.B.Act / Pub
082 ## - DEWEY DECIMAL CLASSIFICATION NUMBER
Classification number
100 ## - MAIN ENTRY--PERSONAL NAME
Personal name सिंह, नमिता
245 ## - TITLE STATEMENT
Title कर्फ्यू तथा अन्य कहानियाँ
Statement of responsibility, etc नमिता सिंह
246 ## - VARYING FORM OF TITLE
Title proper/short title Karfew tatha anya Kahaniyan
Remainder of title by Namita Singh
260 ## - PUBLICATION, DISTRIBUTION, ETC. (IMPRINT)
Place of publication, distribution, etc दिल्ली
Name of publisher, distributor, etc अनिरूद्ध बुक्स
Date of publication, distribution, etc 2005
270 ## - ADDRESS
Address 19,टैगोर मार्ग, केवल पार्क, आजादपुर
City दिल्ली
Postal code 110 033
300 ## - PHYSICAL DESCRIPTION
Extent 160पृ.
Dimensions 22 सेमी(सजिल्द)
650 ## - SUBJECT ADDED ENTRY--TOPICAL TERM
Topical term or geographic name as entry element हिन्दी कहानियाँ
650 ## - SUBJECT ADDED ENTRY--TOPICAL TERM
Topical term or geographic name as entry element Hindi Stories
942 ## - ADDED ENTRY ELEMENTS (KOHA)
Institution code [OBSOLETE] dpl
Koha item type Hindi Books
Call number prefix क / सिंहन
Source of classification or shelving scheme Dewey Decimal Classification
Classification part
Call number suffix सिंहन
Holdings
Withdrawn status Lost status Damaged status Not for loan Home library Current library Date acquired Cost, normal purchase price Total Checkouts Full call number Barcode Date last seen Copy number Uniform Resource Identifier Cost, replacement price Price effective from Koha item type
        D.B.Act.Division D.B.Act.Division 05/09/2008 150.00   क सिंहन HN-52393 15/09/2008 1 4939 150.00 15/09/2008 Hindi Books

© Delhi Public Library
Hit Counter
free hit counter